[Event "8th Danzhou Super GM 2017"]
[Site "Hainan"]
[Date "2017.07.13"]
[Round "5"]
[White "Ponomariov, Ruslan"]
[Black "Ding, Liren"]
[Result "0-1"]
[WhiteElo "2699"]
[BlackElo "2781"]
[Annotator "TA"]
[PlyCount "104"]
[EventDate "2017.??.??"]
[EventCountry "CHN"]
[SourceTitle "playchess.com"]
[Source "ChessBase"]
[SourceQuality "1"]

{[%evp 13,104,0,0,-11,-12,-25,-11,-17,-36,-42,4,0,0,0,0,-5,0,0,0,-1,-8,-54,-41,-69,-13,-20,-13,-13,-15,-18,-20,-18,-12,-53,-53,-54,-54,-56,-35,-46,-45,-71,-78,-88,-79,-121,-121,-123,-123,-122,-78,-78,-69,-70,-70,-70,-66,-66,-54,-52,-53,-184,-184,-177,-179,-178,-133,-181,-181,-215,-215,-220,-222,-209,-208,-276,-276,-281,-272,-266,-274,-383,-381,-370,-350,-342,-325,-479,-479,-539,-534,-1157,-1152]} 1. d4 Nf6 2. c4 e6 3. Nc3 Bb4 4. e3 O-O 5. Bd3 d5 6. Nge2 {[%cal Bg1e2,Be2d4,Bd4f3,Bf3g5][%mdl 32]} dxc4 7. Bxc4 c5 {LiveBook: 105 Games. E48: Nimzo-Indian: Rubinstein: 5 Bd3 d5 including 6 Ne2, but excluding 6 a3} (7... e5 8. a3 Bd6 9. f3 Nc6 10. O-O a6 11. Ba2 b5 12. d5 Ne7 13. Ng3 Nf5 14. Nge4 Nxe4 15. Nxe4 Be7 {½-½ (48) Rakhmanov,A (2670)-Parligras,M (2605) Barcelona 2017}) 8. Bd2 cxd4 9. Nxd4 e5 {Black has an edge.} 10. Nf3 Nc6 11. a3 $146 ({Predecessor:} 11. O-O Bg4 12. Be2 h6 13. a3 Bd6 14. Ne1 Bf5 {½-½ (33) Kupsik,N (1827)-Demina,J (2378) St Petersburg 2009}) 11... Bd6 12. Qc2 Bg4 13. Ng5 Rc8 {next ...Nd4 is good for Black.} 14. O-O e4 15. Ngxe4 Ne5 16. Nxd6 Qxd6 17. Ba2 Be2 $1 $36 {[%cal Re2d3][%mdl 2048] White must now prevent ...Bd3. Black has good play.} 18. f4 $1 {[%cal Rf4e5]} Bxf1 (18... Nd3 $1 $15 19. Rfb1 Rfd8) 19. fxe5 $11 Bd3 20. exd6 Bxc2 21. Nd5 Nxd5 22. Bxd5 Ba4 23. e4 Bc6 24. Bb3 Rce8 25. Bc2 $1 Re6 26. Re1 Rfe8 27. Bf4 g5 $1 {[%cal Rg5f4]} 28. Bg3 h5 $1 29. h4 gxh4 30. Bf4 Rg6 31. Re2 Rg4 32. Rf2 h3 {Threatens to win with ...hxg2.} 33. g3 h4 34. Kh2 hxg3+ 35. Bxg3 Bxe4 36. Kxh3 f5 $1 {...Bxc2 is the strong threat.} 37. Bxe4 (37. d7 $1 $15 Rd8 38. Rd2) 37... Rgxe4 $19 (37... Rexe4 38. Rxf5 Rg7 39. Rc5 $17) 38. Rxf5 $15 {[%mdl 4096] Endgame KRR-KRB} Rd4 39. Rf3 Kg7 40. Rc3 Kf6 $1 41. Rf3+ Ke6 42. Re3+ Kd7 43. Rc3 Rc8 44. Re3 Rh8+ 45. Kg2 Rd2+ 46. Kf3 Rf8+ ({Don't do} 46... Rxb2 47. Re7+ Kd8 48. Rg7 $17) 47. Kg4 Rxb2 48. Re7+ {[#]} Kc6 $1 49. Rc7+ {[#]} Kb6 $1 50. d7 (50. Rc4 {might work better.} Rg8+ 51. Kf4) 50... Rg8+ $19 {Black is clearly winning.} 51. Kf5 {[#] aiming for Rc8.} Rf2+ $1 {[%mdl 512]} 52. Ke4 (52. Bxf2+ Kxc7) 52... Rg4+ {Precision: White = 52%, Black = 79%.} 0-1

[Event "8th Danzhou Super GM 2017"]
[Site "Hainan"]
[Date "2017.07.13"]
[Round "5"]
[White "Wang, Hao"]
[Black "Ivanchuk, Vassily"]
[Result "1/2-1/2"]
[WhiteElo "2698"]
[BlackElo "2729"]
[Annotator "TA"]
[PlyCount "70"]
[EventDate "2017.??.??"]
[EventCountry "CHN"]
[SourceTitle "playchess.com"]
[Source "ChessBase"]
[SourceQuality "1"]

{[%evp 34,70,64,0,0,0,0,0,0,0,5,0,0,0,0,-35,-6,-38,-41,-41,-52,-52,-40,-61,-54,-45,-29,-76,0,0,0,0,0,0,0,0,0,0,0]} 1. e4 e5 2. Nf3 Nc6 3. Bb5 a6 4. Ba4 Nf6 5. O-O Be7 6. Re1 b5 7. Bb3 O-O 8. c3 d6 9. h3 Bb7 10. d4 {[%cal Bd2d4,Bd4d5][%mdl 32]} Re8 11. Nbd2 {[%cal Bb1d2,Bd2f1,Bf1g3][%mdl 32]} Bf8 12. d5 Nb8 {[%cal Bc6b8,Bb8d7,Bd7c5][%mdl 32]} 13. Nf1 Nbd7 14. Ng3 h6 15. Nh2 c6 {C92: Closed Ruy Lopez: 9...Be6, Karpov and Flohr-Zaitsev Variations} (15... Nc5 16. Bc2 c6 17. Ng4 cxd5 18. Nxf6+ Qxf6 19. exd5 g6 20. Be3 Qh4 21. a4 Nxa4 22. Bxa4 bxa4 23. Rxa4 {0-1 (54) Pruijssers,R (2511)-Almasi,Z (2695) Germany 2015}) 16. dxc6 Bxc6 17. Ng4 Nc5 18. Bc2 {LiveBook: 5 Games} (18. Qf3 $14 Nxb3 19. Nxf6+ Qxf6 20. Qxf6 gxf6 21. axb3) 18... Rc8 19. Qf3 Nxg4 20. Qxg4 g6 $146 ({Predecessor:} 20... Qf6 21. Be3 Red8 22. Red1 Bd7 23. Nh5 {1-0 (75) Muzyka,Y (2467)-Vayser,V (2428) Russia 2002}) 21. Be3 Bg7 22. Rad1 Qe7 23. Qe2 Red8 24. c4 h5 25. b4 Ne6 $1 26. Bb3 Nd4 27. Bxd4 exd4 28. Nf1 Re8 {[%cal Re7e4]} 29. Nd2 Qb7 30. Qd3 {[#]} Kf8 ({Black should play} 30... bxc4 $1 $17 31. Bxc4 Qxb4 32. Bxa6 Rc7) 31. Qg3 $11 {The position is equal.} Rcd8 32. cxb5 axb5 33. Qf4 Be5 34. Qh6+ Bg7 35. Qf4 Be5 {Precision: White = 50%, Black = 72%.} 1/2-1/2

[Event "8th Danzhou Super GM 2017"]
[Site "Hainan"]
[Date "2017.07.13"]
[Round "5"]
[White "Lu, Shanglei"]
[Black "Malakhov, Vladimir"]
[Result "1/2-1/2"]
[WhiteElo "2638"]
[BlackElo "2722"]
[Annotator "TA"]
[PlyCount "63"]
[EventDate "2017.??.??"]
[EventCountry "CHN"]
[SourceTitle "playchess.com"]
[Source "ChessBase"]
[SourceQuality "1"]

{[%evp 29,63,11,14,0,0,0,0,0,0,0,0,0,0,0,-1,0,0,0,0,0,0,0,0,0,0,0,0,0,0,0,0,0,0,0,0,0]} 1. e4 e5 2. Nf3 Nc6 3. Bb5 Nf6 4. O-O Nxe4 5. Re1 Nd6 6. Nxe5 Be7 7. Bf1 Nxe5 8. Rxe5 O-O 9. d4 Bf6 10. Re1 Nf5 11. c3 d5 {C67: Ruy Lopez: Berlin Defence: 4 0-0 Nxe4} 12. Bd3 (12. Bf4 c6 13. Nd2 Nh4 14. Bd3 Bf5 15. Bxf5 Nxf5 16. Nf3 Qd7 17. Qd3 Rae8 18. h3 Nh4 19. Nxh4 Bxh4 {½-½ (33) Zhao,J (2616)-Wang,Y (2706) China 2017}) 12... c6 13. Bf4 Bg5 14. Qg4 Bxf4 15. Qxf4 Qd6 {LiveBook: 3 Games. The position is equal.} 16. Qxd6 $146 (16. Qf3 {looks sharper.} g6 17. Nd2 Bd7 18. Bxf5 Bxf5 19. Re3) ({Predecessor:} 16. Qf3 g6 17. Nd2 Bd7 {½-½ (17) Kantans,T (2481)-Reinaldo Castineira,R (2490) Pontevedra 2015}) 16... Nxd6 17. Nd2 Bf5 18. Bxf5 Nxf5 19. f3 Rfe8 20. Kf2 f6 21. Nf1 Kf7 22. Ne3 Nxe3 23. Rxe3 Rxe3 24. Kxe3 $11 {[%mdl 4096] Endgame KR-KR} Re8+ 25. Kf2 Re7 26. Re1 Rxe1 27. Kxe1 {KP-KP} Ke8 28. Ke2 Ke7 29. Kf2 Kf7 30. Ke2 Ke7 31. Kf2 Kf7 32. Ke2 {Precision: White = 78%, Black = 90%.} 1/2-1/2

[Event "8th Danzhou Super GM 2017"]
[Site "Hainan"]
[Date "2017.07.15"]
[Round "6"]
[White "Wang, Hao"]
[Black "Le, Quang Liem"]
[Result "1/2-1/2"]
[WhiteElo "2698"]
[BlackElo "2726"]
[Annotator "TA"]
[PlyCount "93"]
[EventDate "2017.??.??"]
[EventCountry "CHN"]
[SourceTitle "playchess.com"]
[Source "ChessBase"]
[SourceQuality "1"]

{[%evp 12,93,20,4,4,4,22,5,5,5,5,9,10,4,16,7,2,3,12,29,21,14,37,34,40,38,55,45,73,62,75,70,77,95,107,50,94,90,79,79,89,85,89,6,7,10,16,10,14,-11,0,0,0,-17,-21,-10,0,0,0,0,0,0,0,0,0,0,0,0,0,0,0,-13,-13,-13,0,0,0,0,0,0,0,0,0,0]} 1. e4 e5 2. Nf3 Nc6 3. Bb5 Nf6 4. d3 Bc5 5. c3 O-O 6. O-O d6 7. Nbd2 (7. h3 {looks sharper.} Bb6 8. Nbd2 a6 9. Ba4 Bd7 10. Nc4) 7... a6 {C65: Ruy Lopez: Berlin Defence (3...Nf6), unusual lines and 4 0-0 Bc5} (7... Ne7 8. Re1 c6 9. Ba4 Ng6 10. d4 exd4 11. cxd4 Bb6 12. Bc2 Bg4 13. h3 Bh5 14. g4 Nxg4 15. hxg4 Bxg4 {1-0 (41) Yu,Y (2750)-Potkin,V (2594) Fufeng 2017}) 8. Bxc6 bxc6 9. Re1 Ba7 10. d4 $146 ({Predecessor:} 10. h3 h6 11. Nf1 Nh7 12. d4 exd4 13. cxd4 f5 14. e5 f4 15. Qc2 {½-½ (22) Krejci,J (2503)-Sorm,D (2354) Lingen 2015}) 10... Re8 11. Qc2 Nh5 12. dxe5 dxe5 13. Nc4 Qf6 14. Be3 Nf4 (14... Bg4 $5 {[%cal Rg4f3]}) 15. Bxf4 exf4 16. e5 Qh6 (16... Qf5 $5 {[%cal Rf5c2]} 17. Qe4 Be6 $14) 17. Nd4 $36 {[%mdl 2048] White fights for an advantage.} Bxd4 18. cxd4 Be6 19. Nd2 Bd5 20. f3 Re6 21. Ne4 Qh5 22. Qd2 Qf5 23. Nc3 (23. Rac1 $16) 23... Rg6 {[#] And now ...Bxf3 would win.} 24. Nxd5 cxd5 25. Rac1 c6 26. Rc5 h5 27. Qc2 ({White should try} 27. Rec1 $16) 27... Qxc2 $1 $11 {The position is equal.} 28. Rxc2 {[%mdl 4096] Endgame KRR-KRR} Rb8 29. Kf2 h4 30. h3 Kf8 31. Rd1 Ke7 32. Ke1 Kd7 33. Rd3 Re6 34. Ra3 Rb6 35. Kd2 f6 36. exf6 gxf6 37. b3 Kc7 38. Ra5 {Black should prevent Rxd5.} Kb7 39. Rac5 Rb5 40. Rxb5+ axb5 {KR-KR} 41. b4 Re3 42. Rc3 Rxc3 (42... Re8 {feels hotter.} 43. Rc2 Ra8 44. Rb2 Kb6 45. Kc3 Ra3+) 43. Kxc3 Ka8 44. Kb2 Kb8 45. Kc3 Ka8 46. Kb2 Kb8 47. Kc3 {Precision: White = 55%, Black = 69%.} 1/2-1/2

[Event "8th Danzhou Super GM 2017"]
[Site "Hainan"]
[Date "2017.07.16"]
[Round "7"]
[White "Ding, Liren"]
[Black "Yu, Yangyi"]
[Result "1/2-1/2"]
[WhiteElo "2781"]
[BlackElo "2753"]
[Annotator "TA"]
[PlyCount "142"]
[EventDate "2017.??.??"]
[EventCountry "CHN"]
[SourceTitle "playchess.com"]
[Source "ChessBase"]
[SourceQuality "1"]

{[%evp 9,142,0,10,10,6,6,11,0,11,11,12,12,12,12,14,12,14,13,12,4,13,3,26,21,23,23,43,39,44,41,52,34,43,40,54,54,56,55,69,46,45,50,45,47,52,39,56,50,55,55,52,45,55,55,55,55,55,55,55,55,61,61,61,62,72,45,45,45,45,39,39,39,45,45,52,52,52,52,52,52,52,52,59,42,51,22,22,22,50,7,33,6,20,20,20,0,6,0,6,0,7,7,7,7,7,7,7,7,7,7,7,0,0,0,0,0,0,0,0,0,0,0,0,0,0,0,0,0,0,-8,-8,-8,-8,-8,8]} 1. Nf3 d5 2. g3 Bg4 3. Bg2 c6 4. O-O Nd7 5. h3 Bxf3 (5... Bh5 6. d3 Ngf6 7. Qe1 e5 8. e4 dxe4 9. dxe4 Be7 10. Nh4 O-O 11. Nd2 Qc7 12. f4 exf4 13. gxf4 Rfe8 14. Kh1 Bb4 {1-0 (35) Giri,A (2785)-So,W (2815) chess.com INT 2017}) 6. Bxf3 {A07: Réti Opening: New York and Capablanca Systems} Ngf6 7. d3 e5 8. e4 Bc5 (8... dxe4 9. dxe4 Bc5 10. Nd2 O-O 11. a4 a5 12. Qe2 Qe7 13. Rd1 Rfd8 14. Nc4 b6 15. Kg2 h6 16. Rd3 Qe6 17. b3 Bd4 18. c3 Bc5 19. Qd1 Be7 {1-0 (51) Ding,L (2759)-Yu,Y (2750) Shenzhen 2017}) 9. Nc3 {[%cal Re4d5]} dxe4 10. Nxe4 Nxe4 11. dxe4 O-O 12. Qe2 Qe7 13. Rd1 Rfd8 14. Bd2 $146 ({Predecessor:} 14. Be3) 14... h6 15. Be1 Nf6 16. Kg2 Rxd1 17. Rxd1 Rd8 18. Rxd8+ Qxd8 19. b4 Bb6 20. Bc3 Bd4 21. Qd3 Qb6 22. Be1 {[#] aiming for c3.} Qd8 23. a4 Bb6 24. Qb3 a6 25. a5 Ba7 26. Qc4 Qd4 27. Qe2 (27. Qxd4 {seems wilder.} Bxd4 28. Kf1 g5 29. c3 Ba7 30. Bd2) 27... Qb2 28. Qd3 Qd4 $1 29. Qxd4 Bxd4 $14 {[%mdl 4096] Endgame KBB-KBN} 30. Kf1 Kf8 31. Ke2 Ke7 32. Kd3 Ne8 33. Bg4 Kd8 34. f4 Nf6 35. Bd1 Ke7 36. g4 Nd7 37. g5 hxg5 $1 38. fxg5 Nf8 39. h4 Ne6 40. Bg3 Kd6 41. c3 Bg1 42. Bb3 g6 43. Ke2 Nd8 44. Kf3 Ne6 45. Bc4 Nd8 46. Kg4 Be3 $1 47. Be1 Ne6 48. Kf3 Bf4 49. Bf1 Ke7 50. Bh3 Kd6 {The position is equal.} 51. Ke2 Bc1 52. Kf3 Bf4 53. Bf1 Bc1 54. Bc4 Ke7 55. Ke2 Nf4+ 56. Kd1 Be3 57. Bg3 f6 58. gxf6+ Kxf6 59. Bf1 g5 60. hxg5+ Kxg5 61. Bxf4+ Kxf4 $11 {KB-KB} 62. Bh3 Kxe4 63. Ke2 b6 64. Bg2+ Kf4 65. Bxc6 bxa5 66. bxa5 Ba7 67. Bb7 Bb8 68. Bxa6 Bc7 69. Bd3 Bxa5 70. Bc2 $1 e4 71. Bxe4 Bxc3 {Precision: White = 65%, Black = 69%.} 1/2-1/2

[Event "8th Danzhou Super GM 2017"]
[Site "Hainan"]
[Date "2017.07.15"]
[Round "7"]
[White "Yu, Yangyi"]
[Black "Ponomariov, Ruslan"]
[Result "1/2-1/2"]
[WhiteElo "2753"]
[BlackElo "2699"]
[Annotator "TA"]
[PlyCount "51"]
[EventDate "2017.??.??"]
[EventCountry "CHN"]
[SourceTitle "playchess.com"]
[Source "ChessBase"]
[SourceQuality "1"]

{[%evp 25,51,0,29,2,4,0,0,-8,16,-23,-26,-13,-31,-26,-29,-30,0,0,0,0,0,-14,0,0,0,-25,0,0]} 1. d4 Nf6 2. c4 e6 3. Nc3 Bb4 4. f3 d5 5. a3 Bxc3+ 6. bxc3 c5 7. cxd5 Nxd5 8. dxc5 Qa5 9. e4 Nf6 10. Be3 O-O {E25: Nimzo-Indian: Sämisch: 5...c5 6 f3 d5 7 cxd5} 11. Kf2 Nfd7 12. Rb1 Rd8 13. Rb5 Qxa3 {LiveBook: 4 Games} 14. Ne2 a6 $1 {[%cal Ra6b5] [#]} 15. Rb4 $146 ({Predecessor:} 15. Rb1 Qa5 16. Ra1 Ne5 17. Rxa5 Rxd1 18. Ng3 {½-½ (50) Mamedyarov,S (2743)-Lupulescu,C (2625) Tromsoe 2014}) 15... Qa5 $1 16. Rd4 Nc6 17. Rd6 Nxc5 18. Rxd8+ Nxd8 19. Qd6 Nd7 20. Nd4 Qc5 21. Qg3 {[#] Nxe6! is the strong threat.} (21. Nb5 $5 Qxd6 22. Nxd6 $14) 21... Qe5 22. Bf4 Qc5 23. Bh6 {[%csl Gh6][%cal Rg3g7]} (23. Be3 $5 {[%cal Rd4e6]} Qxc3 24. Be2 $11) 23... Qe5 {Threatens to win with ...Qxg3+.} 24. Bf4 Qc5 {[#] aiming for ...e5.} 25. Bh6 {[%csl Gh6][%cal Rg3g7]} Qe5 {Strongly threatening ...Qxg3+.} 26. Bf4 1/2-1/2

[Event "8th Danzhou Super GM 2017"]
[Site "Hainan"]
[Date "2017.07.16"]
[Round "7"]
[White "Wei, Yi"]
[Black "Naiditsch, Arkadij"]
[Result "1/2-1/2"]
[WhiteElo "2738"]
[BlackElo "2712"]
[Annotator "TA"]
[PlyCount "86"]
[EventDate "2017.??.??"]
[EventCountry "CHN"]
[SourceTitle "playchess.com"]
[Source "ChessBase"]
[SourceQuality "1"]

{[%evp 24,86,13,8,12,0,0,0,0,0,0,6,7,0,0,0,7,7,16,0,0,0,8,0,0,0,0,0,0,0,0,0,0,0,0,0,0,0,0,0,-4,-7,-6,0,-7,0,0,-58,0,0,-3,-6,-6,-37,0,0,0,0,0,0,0,0,0,0,0]} 1. e4 e5 2. Nf3 Nc6 3. Bb5 Nf6 4. Nc3 Bb4 5. O-O O-O 6. d3 d6 7. Ne2 Ne7 8. c3 Ba5 9. Ng3 c6 10. Ba4 {[%cal Bb5a4,Ba4c2,Bc2e4][%mdl 32]} Ng6 11. d4 Re8 12. Bc2 {C49: Four Knights: 4 Bb5 Bb4} Bb6 13. Be3 {LiveBook: 3 Games} d5 {[#]} 14. dxe5 $146 ({Predecessor:} 14. Nxe5 Nxe4 15. Nxe4 dxe4 16. f4 exf3 17. Nxf7 Qe7 18. Rxf3 Bg4 19. Bg5 Bxf3 20. Qxf3 {1-0 (48) Najer,E (2681)-Jakovenko,D (2731) Sochi 2016}) 14... Nxe4 15. Nxe4 dxe4 16. Bxe4 Nxe5 17. Nxe5 Rxe5 18. Bxb6 Qxb6 19. Re1 {[#] aiming for Bxh7+!} Bf5 20. Bxf5 $1 Rxf5 21. Qe2 {Qe8+! would kill now.} g6 22. Rad1 Rd8 23. Rxd8+ Qxd8 24. Qe8+ Qxe8 25. Rxe8+ $11 {[%mdl 4096] Endgame KR-KR} Kg7 26. Kf1 Kf6 27. Rb8 Ra5 28. Rxb7 Rxa2 29. Ke2 a5 30. Rb6 Ke5 31. Rxc6 Rxb2+ 32. Ke3 a4 33. Ra6 Ra2 34. Ra5+ Kd6 35. Ra7 (35. c4 $11) 35... Ke6 (35... Kc5 $15) 36. c4 a3 37. Ra6+ Kd7 38. c5 Rc2 39. Rxa3 {The position is equal.} Rxc5 40. Ra7+ (40. Kd4 $5 {[%cal Rd4c5]} Rc2 41. Ke3 $11) 40... Ke6 41. Ra6+ Ke7 42. Ra7+ Ke6 43. Ra6+ Kd5 {Precision: White = 63%, Black = 75%.} 1/2-1/2

[Event "8th Danzhou Super GM 2017"]
[Site "Hainan"]
[Date "2017.07.15"]
[Round "7"]
[White "Ivanchuk, Vassily"]
[Black "Ding, Liren"]
[Result "1-0"]
[WhiteElo "2729"]
[BlackElo "2781"]
[Annotator "TA"]
[PlyCount "79"]
[EventDate "2017.??.??"]
[EventCountry "CHN"]
[SourceTitle "playchess.com"]
[Source "ChessBase"]
[SourceQuality "1"]

{[%evp 25,79,0,0,0,0,0,0,0,0,0,0,0,0,0,0,0,0,0,0,0,0,0,8,0,118,57,156,164,157,153,143,125,134,167,268,195,208,203,6186,0,6183,6179,29982,29983,29983,0,663,0,29983,12843,29984,29985,29997,29998,29998,29999]} 1. e4 e5 2. Nf3 Nc6 3. Bb5 a6 4. Ba4 Nf6 5. O-O Be7 6. Re1 b5 7. Bb3 O-O 8. h3 Bb7 9. d3 d5 {C88: Closed Ruy Lopez: Anti-Marshall Systems} 10. exd5 Nxd5 11. a4 Nd4 12. Nxd4 exd4 13. axb5 axb5 {LiveBook: 9 Games} 14. Rxa8 Bxa8 15. Na3 Bb4 16. Bd2 Bxd2 17. Qxd2 {[#]} Qf6 $146 18. Bxd5 Bxd5 19. Nxb5 Bxg2 20. Kxg2 {Hoping for Na3.} Qc6+ 21. Kh2 Qxb5 $11 {[%mdl 4096] Endgame KQR-KQR} 22. Qf4 Qxb2 23. Qxc7 Qb4 24. Re4 g6 (24... Qd2 $11 25. Rf4 Qb4) 25. Kg2 (25. c4 $16) 25... h5 ({Black should play} 25... Qb2 $14) 26. c4 $16 {[%cal Bc2c4,Bc4c5][%mdl 32]} Qc3 27. Qg3 $1 Rd8 28. Re5 Kf8 29. Qf3 {aiming for Qf6.} Rd6 (29... Kg7 $142 30. Re7 Rf8) 30. c5 Ra6 31. Qe4 {And now Re8+ would win.} Rf6 $2 {[#]} (31... Kg7) 32. Re8+ $1 $18 Kg7 {[#]} 33. Qe7 $1 {[%cal Re7f8] White threatens Qf8+ and mate.} Rf5 34. Qf8+ Kf6 35. Qe7+ (35. Qh8+ $142 Kg5 36. Re4 Rxf2+ 37. Kxf2 Qd2+ 38. Re2 Qf4+ 39. Kg2 h4 40. Qe5+ Qxe5 41. Rxe5+ Kf6 42. Re8) 35... Kg7 36. Qf8+ (36. Rc8 $18 Rxf2+ 37. Kxf2 Qd2+ 38. Qe2 Qf4+ 39. Qf3 Qd2+ 40. Kf1 Qc1+ 41. Kg2 Qg5+ 42. Kh2) 36... Kf6 37. Qh8+ Kg5 38. Re4 {[%csl Ge4][%cal Rh3h4] White mates.} Rxc5 39. f4+ Kf5 40. Re5+ {Precision: White = 79%, Black = 51%.} 1-0

[Event "8th Danzhou Super GM 2017"]
[Site "Hainan"]
[Date "2017.07.16"]
[Round "7"]
[White "Le, Quang Liem"]
[Black "Ivanchuk, Vassily"]
[Result "1-0"]
[WhiteElo "2726"]
[BlackElo "2729"]
[Annotator "TA"]
[PlyCount "81"]
[EventDate "2017.??.??"]
[EventCountry "CHN"]
[SourceTitle "playchess.com"]
[Source "ChessBase"]
[SourceQuality "1"]

{[%evp 22,81,36,36,36,36,29,0,0,0,0,0,12,-17,-6,-13,-10,-15,-30,-61,-62,-62,-55,-47,-50,-39,-44,-43,-44,-44,-39,-43,-42,-47,-50,-71,-54,-45,-14,-28,0,-65,-57,-65,-10,-11,-8,-5,21,23,51,50,47,43,321,314,314,289,292,289,278,250]} 1. d4 d6 2. c4 g6 3. Nc3 Bg7 4. e4 Nf6 5. Be2 O-O 6. Bg5 Na6 7. Qd2 e5 8. d5 c6 9. f3 cxd5 10. cxd5 Bd7 11. Bxa6 {E73: King's Indian: Averbakh Variation without 6...c5} (11. Bd1 b5 12. a3 b4 13. axb4 Nxb4 14. Nge2 Qb8 15. O-O Rc8 16. Be3 Be8 17. Na4 Nd7 18. Nec3 Bf6 {0-1 (43) Khismatullin,D (2651)-Smirin,I (2655) Poikovsky 2015}) 11... bxa6 12. Nge2 {LiveBook: 12 Games} a5 13. b3 {White is slightly better.} Qb6 14. Be3 Qb4 $146 ({Predecessor:} 14... Qa6 15. O-O Rab8 16. Rac1 Nh5 17. g4 Nf4 18. Nxf4 exf4 19. Bxf4 {1-0 (44) Gorovets,A (2494)-Remlinger,L (2304) Santa Clara 2014}) 15. O-O Nh5 16. Rfb1 Nf4 17. Qd1 Rfc8 18. a3 Qb7 19. Qd2 f5 20. Nxf4 exf4 21. Bd4 Bxd4+ $1 22. Qxd4 Qb6 23. Qxb6 axb6 24. Rc1 Rc5 25. exf5 Rac8 26. Ne2 Bxf5 27. Re1 g5 {[%cal Bg6g5,Bg5h4][%mdl 32]} 28. h4 gxh4 29. Nxf4 Rc3 30. Ne2 R3c5 31. Nf4 Kf7 $1 32. Rad1 Bc2 ({Black should play} 32... Rc2 $15) 33. Rd2 $11 Bxb3 34. Re6 $36 {[%mdl 2048] White fights for an advantage.} Rc4 (34... Rxd5 $5 35. Rxd5 Rc1+ 36. Kf2 Bxd5 37. Rxd6 Bc6 $11) 35. Nh3 Rd8 36. Ng5+ Kg8 $1 37. Re7 Bc2 $2 {[%mdl 8192] [#]} (37... Rdc8 $14) 38. Nf7 $1 $18 {[%cal Rf7d8] White has a decisive advantage.} Rf8 39. Nxd6 Rc3 40. Nb5 Rc5 41. d6 {Precision: White = 66%, Black = 55%.} 1-0

[Event "8th Danzhou Super GM 2017"]
[Site "Hainan"]
[Date "2017.07.15"]
[Round "7"]
[White "Malakhov, Vladimir"]
[Black "Wei, Yi"]
[Result "0-1"]
[WhiteElo "2722"]
[BlackElo "2738"]
[Annotator "TA"]
[PlyCount "102"]
[EventDate "2017.??.??"]
[EventCountry "CHN"]
[SourceTitle "playchess.com"]
[Source "ChessBase"]
[SourceQuality "1"]

{[%evp 18,102,0,0,4,7,5,0,12,11,7,-10,-9,-5,-12,-6,-6,-6,-6,-18,-13,-14,-5,-47,-36,-33,-37,-50,-61,-46,-46,-55,-60,-42,-43,-50,-47,-55,-47,-71,-18,-49,-41,-61,-66,-69,-60,-49,-56,-146,-130,-132,-112,-123,-121,-133,-133,-133,-112,-110,-108,-133,0,-114,-110,-101,0,-106,-100,-147,-92,-218,-202,-333,-333,-276,-236,-279,-164,-272,-250,-248,-226,-557,-508,-1866,-1622]} 1. Nf3 d5 2. e3 Nf6 3. c4 e6 4. b3 c5 5. Bb2 Nc6 6. cxd5 exd5 7. Bb5 Bd6 8. O-O O-O {A13: English Opening: 1...e6} 9. d4 cxd4 10. Nxd4 {LiveBook: 18 Games} Bc7 {The position is equal.} 11. Be2 $146 ({Predecessor:} 11. Nd2 Nxd4 12. Bxd4 Qd6 13. g3 Bh3 14. Re1 Rac8 15. Bf1 Bg4 16. Be2 {½-½ (55) Eljanov,P (2755)-Wei,Y (2706) Wijk aan Zee 2017}) 11... Qd6 {[%csl Gc7][%cal Rd6h2]} 12. g3 Bb6 13. Ba3 Qe5 {[%cal Rc6d4]} 14. Bxf8 Kxf8 15. Nd2 Nxd4 16. exd4 Qxd4 {next ...Bh3 is good for Black.} 17. Nf3 Qxd1 18. Rfxd1 Ne4 $1 19. Rxd5 Nxf2 20. Rh5 h6 {[%mdl 1024] Black has compensation.} 21. Kg2 Ng4 22. h3 Ne3+ 23. Kh2 Nf5 24. Bd3 g6 25. Bxf5 gxh5 26. Be4 Rb8 27. Nh4 Be6 28. Rc1 Ke7 ({Black should play} 28... Rd8 $17 29. Rc2 Bd5 30. Bxd5 Rxd5) 29. Rc2 Rc8 30. Re2 Rc3 31. Bxb7 Bc7 32. Bf3 Kf6 33. Kg2 (33. Re1 $15) 33... Kg5 34. Re1 Bd6 35. Re2 Bb8 36. Re1 Bc7 37. Re2 Bd6 38. Re1 Bc8 39. Re2 Be6 40. Re1 $1 Bb8 41. Re2 Bc7 42. Re1 $1 a5 43. Re2 {[#]} Bc8 (43... a4 $142 $1 {[%mdl 512]} 44. bxa4 Ra3) 44. Rd2 {[#]} (44. Kh2 $17) 44... f5 $1 $19 {[%cal Bf7f5,Bf5f4][%mdl 32]} 45. Re2 (45. Kh2 $142) 45... f4 46. Re8 {Strongly threatening Rg8+.} fxg3 47. Be4 {[#]} Ba6 ({Not} 47... Kxh4 48. Rxc8 Rc5 49. Bg6 $15) (47... Bd6 $142 $1 48. Nf3+ Kf4) 48. Nf3+ (48. Re6 {might work better.}) 48... Kf4 49. Nd4 {With the idea Ne6+.} Be5 50. Nf3 $2 (50. Ba8 {was the crucial defense.}) 50... Rc1 {( -> ...Bf1+)} 51. Nd2 (51. Rf8+ $142 Kxe4 52. Nxe5 Kxe5 53. Kxg3) 51... Rd1 {Precision: White = 50%, Black = 80%.} 0-1